[Event "Guardian Royal Exchange Masters"]
[Site "London"]
[Date "1973.12.11"]
[Round "1"]
[White "Markland, Peter Richard"]
[Black "Webb, Simon"]
[Result "1/2-1/2"]
[WhiteElo "2405"]
[BlackElo "2330"]
[PlyCount "81"]
[EventDate "1973.12.11"]
[EventType "tourn"]
[EventRounds "9"]
[EventCountry "ENG"]
[EventCategory "7"]
[SourceTitle "Britbase"]
[Source "John Saunders"]
[SourceDate "2015.07.06"]
[SourceVersion "1"]
[SourceVersionDate "2015.07.06"]
[SourceQuality "1"]

1. e4 e6 2. Nc3 d5 3. Nf3 Nf6 4. e5 Nfd7 5. d4 c5 6. dxc5 Nc6 7. Bf4 Bxc5 8.
Bd3 f6 9. exf6 Nxf6 10. O-O O-O 11. Ne5 Bd7 12. Nxc6 Bxc6 13. Qe2 Qd7 14. Be5
a6 15. Rae1 Rae8 16. Nb1 Qf7 17. Nd2 Nd7 18. Nf3 Qh5 19. c3 d4 20. Nxd4 Qxe2
21. Rxe2 Nxe5 22. Rxe5 Bxd4 23. cxd4 Bd5 24. b3 Rf4 25. Rd1 Rg4 26. g3 Bf3 27.
Be2 Bxe2 28. Rxe2 Kf7 29. Rc2 Re7 30. Kg2 Rg5 31. Kf3 Rd7 32. Ke4 Rgd5 33. f4
h6 34. Rd3 Kf6 35. Rc5 R5d6 36. h4 b6 37. Rc8 h5 38. b4 b5 39. Rc5 g6 40. a3
Re7 41. Rg5 1/2-1/2

[Event "Guardian Royal Exchange Masters"]
[Site "London"]
[Date "1973.12.11"]
[Round "1"]
[White "Stean, Michael F"]
[Black "O'Kelly de Galway, Alberic"]
[Result "1/2-1/2"]
[WhiteElo "2320"]
[BlackElo "2445"]
[PlyCount "46"]
[EventDate "1973.12.11"]
[EventType "tourn"]
[EventRounds "9"]
[EventCountry "ENG"]
[EventCategory "7"]
[SourceTitle "Britbase"]
[Source "John Saunders"]
[SourceDate "2015.07.06"]
[SourceVersion "1"]
[SourceVersionDate "2015.07.06"]
[SourceQuality "1"]

1. e4 e5 2. Nf3 Nc6 3. Bb5 f5 4. d4 fxe4 5. Bxc6 dxc6 6. Nxe5 Qh4 7. Qe2 Be6 8.
O-O O-O-O 9. Be3 Bd6 10. Nd2 Nf6 11. f4 exf3 12. Ndxf3 Qh5 13. Rae1 Rhe8 14.
Qd2 Bd5 15. c4 Bxf3 16. Nxf3 c5 17. d5 Re4 18. b3 Ng4 19. g3 Rde8 20. Bf2 h6
21. Rxe4 Rxe4 22. Re1 Ne5 23. Nxe5 Qxe5 1/2-1/2

[Event "Guardian Royal Exchange Masters"]
[Site "London"]
[Date "1973.12.12"]
[Round "2"]
[White "Karaklajic, Nikola"]
[Black "Hecht, Hans Joachim"]
[Result "1/2-1/2"]
[WhiteElo "2420"]
[BlackElo "2505"]
[PlyCount "72"]
[EventDate "1973.12.11"]
[EventType "tourn"]
[EventRounds "9"]
[EventCountry "ENG"]
[EventCategory "7"]
[SourceTitle "Britbase"]
[Source "John Saunders"]
[SourceDate "2015.07.06"]
[SourceVersion "1"]
[SourceVersionDate "2015.07.06"]
[SourceQuality "1"]

1. e4 c5 2. Nf3 e6 3. d4 cxd4 4. Nxd4 a6 5. Bd3 Bc5 6. Nb3 Ba7 7. Qe2 Nc6 8.
Be3 Bxe3 9. Qxe3 Nge7 10. O-O Qc7 11. N1d2 d5 12. Qg3 Qxg3 13. hxg3 O-O 14.
exd5 Nxd5 15. Be4 Nce7 16. Rfd1 Rb8 17. c4 Nf6 18. Bf3 Bd7 19. Ne4 Ba4 20.
Nxf6+ gxf6 21. Rd4 Bxb3 22. axb3 Rfc8 23. Rd6 Nc6 24. Bxc6 bxc6 25. Rd3 Rb6 26.
Kf1 Rcb8 27. Ra3 f5 28. Ke2 Kf8 29. Kd2 Ke7 30. Kc2 c5 31. Ra5 Rc6 32. Ra1 Rcb6
33. Rh1 a5 34. Rxh7 a4 35. Rh1 Rxb3 36. Rxb3 Rxb3 1/2-1/2

[Event "Guardian Royal Exchange Masters"]
[Site "London"]
[Date "1973.12.12"]
[Round "2"]
[White "Keene, Raymond Dennis"]
[Black "Markland, Peter Richard"]
[Result "1-0"]
[WhiteElo "2445"]
[BlackElo "2405"]
[PlyCount "59"]
[EventDate "1973.12.11"]
[EventType "tourn"]
[EventRounds "9"]
[EventCountry "ENG"]
[EventCategory "7"]
[SourceTitle "Britbase"]
[Source "John Saunders"]
[SourceDate "2015.07.06"]
[SourceVersion "1"]
[SourceVersionDate "2015.07.06"]
[SourceQuality "1"]

1. Nf3 Nf6 2. b3 c5 3. Bb2 Nc6 4. g3 d5 5. Bg2 Bf5 6. O-O e6 7. c4 Be7 8. cxd5
exd5 9. d4 O-O 10. Nc3 Re8 11. Rc1 cxd4 12. Nxd4 Nxd4 13. Qxd4 Bf8 14. Rfd1 Be6
15. e3 Qa5 16. a3 Red8 17. b4 Qa6 18. Bf1 Qb6 19. Qxb6 axb6 20. Nb5 Rac8 21.
Bd4 Nd7 22. Bg2 Rc6 23. Na7 Rxc1 24. Rxc1 Ra8 25. Nb5 h6 26. Rc7 Rb8 27. Rc3
Be7 28. Nc7 Bf6 29. Nxd5 Bxd4 30. exd4 1-0

[Event "Guardian Royal Exchange Masters"]
[Site "London"]
[Date "1973.12.13"]
[Round "3"]
[White "Hecht, Hans Joachim"]
[Black "O'Kelly de Galway, Alberic"]
[Result "1/2-1/2"]
[WhiteElo "2505"]
[BlackElo "2445"]
[PlyCount "43"]
[EventDate "1973.12.11"]
[EventType "tourn"]
[EventRounds "9"]
[EventCountry "ENG"]
[EventCategory "7"]
[SourceTitle "Britbase"]
[Source "John Saunders"]
[SourceDate "2015.07.06"]
[SourceVersion "1"]
[SourceVersionDate "2015.07.06"]
[SourceQuality "1"]

1. Nf3 d5 2. b3 Nf6 3. Bb2 c6 4. g3 Bf5 5. Bg2 e6 6. O-O Be7 7. d3 h6 8. Nbd2
O-O 9. Re1 Bh7 10. e4 Nbd7 11. Qe2 a5 12. a4 Nc5 13. exd5 Nxd5 14. Ne4 Nd7 15.
d4 Bb4 16. Rf1 Bxe4 17. Qxe4 Bc3 18. Bxc3 Nxc3 19. Qd3 Nd5 20. Rad1 Qc7 21.
Rfe1 Rfd8 22. Ne5 1/2-1/2

[Event "Guardian Royal Exchange Masters"]
[Site "London"]
[Date "1973.12.13"]
[Round "3"]
[White "Markland, Peter Richard"]
[Black "Karaklajic, Nikola"]
[Result "1/2-1/2"]
[WhiteElo "2405"]
[BlackElo "2420"]
[PlyCount "55"]
[EventDate "1973.12.11"]
[EventType "tourn"]
[EventRounds "9"]
[EventCountry "ENG"]
[EventCategory "7"]
[SourceTitle "Britbase"]
[Source "John Saunders"]
[SourceDate "2015.07.06"]
[SourceVersion "1"]
[SourceVersionDate "2015.07.06"]
[SourceQuality "1"]

1. e4 d5 2. exd5 Nf6 3. c4 c6 4. Nc3 cxd5 5. cxd5 Nxd5 6. Bc4 e6 7. Nf3 Nb6 8.
Bb3 Nc6 9. d4 Be7 10. O-O O-O 11. a3 Nd5 12. Qd3 Nxc3 13. bxc3 Bf6 14. Bc2 g6
15. Bh6 Re8 16. Rfe1 Bg7 17. Bxg7 Kxg7 18. c4 Qf6 19. Rad1 Bd7 20. Ba4 Rad8 21.
Ne5 Nb8 22. Nxd7 Nxd7 23. Qe3 Rf8 24. Bxd7 Rxd7 25. d5 b6 26. dxe6 Rxd1 27.
Rxd1 Qxe6 28. Qd4+ 1/2-1/2

[Event "Guardian Royal Exchange Masters"]
[Site "London"]
[Date "1973.12.13"]
[Round "3"]
[White "Stean, Michael F"]
[Black "Webb, Simon"]
[Result "1-0"]
[WhiteElo "2320"]
[BlackElo "2330"]
[PlyCount "86"]
[EventDate "1973.12.11"]
[EventType "tourn"]
[EventRounds "9"]
[EventCountry "ENG"]
[EventCategory "7"]
[SourceTitle "Britbase"]
[Source "John Saunders"]
[SourceDate "2015.07.06"]
[SourceVersion "1"]
[SourceVersionDate "2015.07.06"]
[SourceQuality "1"]

1. e4 e6 2. d4 d5 3. Nc3 Bb4 4. e5 Ne7 5. a3 Bxc3+ 6. bxc3 c5 7. a4 Nbc6 8. Nf3
Qa5 9. Bd2 Bd7 10. Be2 c4 11. O-O f6 12. exf6 gxf6 13. Nh4 O-O-O 14. Bh5 e5 15.
dxe5 fxe5 16. f4 d4 17. fxe5 dxc3 18. Bf4 Qc5+ 19. Kh1 Nd5 20. Qe2 Nd4 21. Be3
Nxe3 22. Qxe3 Nb3 23. Rae1 Qxe3 24. Rxe3 Nd2 25. Ra1 Be6 26. Rxc3 Rhg8 27. Re3
Rg5 28. Be2 Rd5 29. Rd1 Kd7 30. c3 a5 31. Kg1 Nb3 32. Nf3 Rg8 33. Nd4 Rxd4 34.
cxd4 Bd5 35. e6+ Kd6 36. e7 Re8 37. Re1 b5 38. axb5 Bf7 39. Rf1 c3 40. Rxc3
Nxd4 41. Rd3 Ke5 42. Rxd4 Kxd4 43. Rxf7 a4 1-0

[Event "Guardian Royal Exchange Masters"]
[Site "London"]
[Date "1973.12.13"]
[Round "3"]
[White "Timman, Jan H"]
[Black "Keene, Raymond Dennis"]
[Result "1-0"]
[WhiteElo "2470"]
[BlackElo "2445"]
[PlyCount "59"]
[EventDate "1973.12.11"]
[EventType "tourn"]
[EventRounds "9"]
[EventCountry "ENG"]
[EventCategory "7"]
[SourceTitle "Britbase"]
[Source "John Saunders"]
[SourceDate "2015.07.06"]
[SourceVersion "1"]
[SourceVersionDate "2015.07.06"]
[SourceQuality "1"]

1. c4 Nf6 2. Nc3 e6 3. d4 Bb4 4. e3 O-O 5. Bd3 b6 6. Nge2 d5 7. cxd5 exd5 8. a3
Bd6 9. b4 Bb7 10. Qc2 a6 11. O-O Qe7 12. f3 Re8 13. Ng3 g6 14. e4 Bxg3 15. hxg3
Nc6 16. Qf2 dxe4 17. fxe4 Ng4 18. Qf4 h5 19. Nd5 Qd7 20. Be2 Re6 21. Bxg4 hxg4
22. Bb2 f5 23. exf5 Qxd5 24. fxe6 Ne5 25. Rf2 Nd3 26. Qf7+ Kh8 27. Re2 Rg8 28.
Qf6+ Kh7 29. Qh4+ Kg7 30. Rf1 1-0

[Event "Guardian Royal Exchange Masters"]
[Site "London"]
[Date "1973.12.14"]
[Round "4"]
[White "Karaklajic, Nikola"]
[Black "O'Kelly de Galway, Alberic"]
[Result "0-1"]
[WhiteElo "2420"]
[BlackElo "2445"]
[PlyCount "82"]
[EventDate "1973.12.11"]
[EventType "tourn"]
[EventRounds "9"]
[EventCountry "ENG"]
[EventCategory "7"]
[SourceTitle "Britbase"]
[Source "John Saunders"]
[SourceDate "2015.07.06"]
[SourceVersion "1"]
[SourceVersionDate "2015.07.06"]
[SourceQuality "1"]

1. e4 e5 2. Nf3 Nc6 3. Bb5 f5 4. d3 fxe4 5. dxe4 Nf6 6. Nc3 Bb4 7. O-O Bxc3 8.
bxc3 d6 9. Qd3 Bd7 10. Rb1 Na5 11. Ng5 Qe7 12. f4 b6 13. Ba3 Bxb5 14. Qxb5+ Nd7
15. Bb4 Nb7 16. Qc6 O-O-O 17. Qd5 Rde8 18. Nf7 Rhf8 19. fxe5 Nxe5 20. Nxe5
Rxf1+ 21. Rxf1 Qxe5 22. Rf7 Qxe4 23. Qxe4 Rxe4 24. Rxg7 a5 25. Ba3 Re1+ 26. Kf2
Ra1 27. Kf3 Rxa2 28. Bc1 Rxc2 29. Be3 a4 30. Rxh7 a3 31. Rh8+ Kd7 32. Ra8 Na5
33. Bd4 a2 34. c4 Rxc4 35. Rg8 d5 36. Bb2 Rc2 37. Bf6 c5 38. Rd8+ Ke6 39. Bh8
d4 40. Re8+ Kf7 41. Re1 Nb3 0-1

[Event "Guardian Royal Exchange Masters"]
[Site "London"]
[Date "1973.12.14"]
[Round "4"]
[White "Keene, Raymond Dennis"]
[Black "Stean, Michael F"]
[Result "1-0"]
[WhiteElo "2445"]
[BlackElo "2320"]
[PlyCount "61"]
[EventDate "1973.12.11"]
[EventType "tourn"]
[EventRounds "9"]
[EventCountry "ENG"]
[EventCategory "7"]
[SourceTitle "Britbase"]
[Source "John Saunders"]
[SourceDate "2015.07.06"]
[SourceVersion "1"]
[SourceVersionDate "2015.07.06"]
[SourceQuality "1"]

1. Nf3 c5 2. c4 g6 3. d4 cxd4 4. Nxd4 Nc6 5. g3 Bg7 6. Nc2 Nf6 7. Bg2 O-O 8.
Nc3 d6 9. O-O Qa5 10. Nd5 Nxd5 11. cxd5 Ne5 12. Bd2 Qb6 13. Bc3 Bf5 14. Ne3 Bd7
15. Qd2 Rfc8 16. Rac1 Nc4 17. Nxc4 Rxc4 18. Bxg7 Rxc1 19. Rxc1 Kxg7 20. Rc4 Qd8
21. Rh4 Kh8 22. Qh6 Qg8 23. Qe3 Qd8 24. Re4 Kg8 25. Rxe7 Rc8 26. h4 h5 27. Kh2
Rc2 28. Bh3 Bb5 29. Rxb7 Rxe2 30. Qf3 Qe8 31. Rxb5 1-0

[Event "Guardian Royal Exchange Masters"]
[Site "London"]
[Date "1973.12.14"]
[Round "4"]
[White "Webb, Simon"]
[Black "Reshevsky, Samuel Herman"]
[Result "1-0"]
[WhiteElo "2330"]
[BlackElo "2560"]
[Annotator "Perkins, Alan"]
[PlyCount "153"]
[EventDate "1973.12.11"]
[EventType "tourn"]
[EventRounds "9"]
[EventCountry "ENG"]
[EventCategory "7"]
[SourceTitle "Britbase"]
[Source "John Saunders"]
[SourceDate "2015.07.06"]
[SourceVersion "1"]
[SourceVersionDate "2015.07.06"]
[SourceQuality "1"]

1. Nf3 Nf6 2. c4 g6 3. Nc3 Bg7 4. g3 O-O 5. Bg2 d6 6. d4 Nbd7 7. O-O e5 8. e4
c6 9. h3 Qb6 10. d5 Nc5 11. Re1 cxd5 12. cxd5 Bd7 13. Rb1 a5 14. Bf1 Rfc8 15.
Be3 Qd8 16. Nd2 a4 17. b4 axb3 18. axb3 Ne8 19. b4 Nd3 20. Bxd3 Rxc3 21. Nc4
Bb5 22. Nb2 Bxd3 23. Nxd3 Qd7 24. Kh2 Nf6 25. Bg5 {The game was played on
Friday and in order to fit in with the American’s religious practices was
scheduled to begin at 9 a.m. Webb arrived half an hour late, largely it seems
because he didn’t know in which room the game was being played, but as it
turned out this was the winning blunder. When the game did get under way
Reshevsky made the most of a difficult variation of the King’s Indian and
then in the diagrammed position surprised his opponent by playing} Nxe4 $1 {
- a clever tactical stroke which ought to be decisive. It is however in such
situations where Webb becomes a very dangerous opponent. Play continued} 26.
Rxe4 Qf5 27. Re3 Qxg5 28. Ra1 Rac8 29. Ra7 Qf5 30. Rf3 ({Not falling for} 30.
Rxb7 $2 Rxd3 31. Rxd3 Qxf2+ 32. Kh1 Rc2 33. Qg1 Qe2 $1 {and wins.}) 30... Qd7
$4 ({It looks very good for Black; he threatens e4 and the queen is going to
take up a dominating post at b5, but in fact this is a fatal lapse which loses
the game. The move was played quickly and Reshevsky claims he was rushing his
opponent in the time trouble he was inevitably facing. Apart from other queen
moves there was the interesting forced continuation} 30... Rxd3 31. Qxd3 e4 32.
Rxf5 exd3 33. Rf3 d2 34. Rd3 Bh6 35. Ra2 ({not} 35. f4 $2 Rc2 $1) 35... Rc1 36.
Raxd2 Bxd2 37. Rxd2 Rc4 {with an advantageous rook ending.}) 31. Nc5 $1 R8xc5
32. bxc5 Rxc5 33. Qb1 Qb5 34. Rxb7 Qxb1 35. Rxb1 Rc8 36. Rb7 f5 37. Ra3 e4 38.
Kg2 Bd4 39. Ra6 Be5 40. Rc6 Rf8 41. Rcc7 g5 42. Rxh7 f4 43. gxf4 gxf4 44. f3 e3
45. Kf1 Ra8 46. Ra7 Rb8 47. Rhb7 Rc8 48. Ra2 Kh8 49. Ke2 Kg8 50. Kd3 Kh8 51.
Ke4 Re8 52. Re2 Rf8 53. Rd7 Kg8 54. h4 Kh8 55. h5 Kg8 56. Rg2+ Kh8 57. Re7 Ra8
58. Kf5 Rf8+ 59. Ke4 Rb8 60. Rf7 Re8 61. Re2 Kg8 62. Rc7 Rf8 63. Rec2 Rf6 64.
Kd3 Rf5 65. Ke4 Rf6 66. Rc8+ Kh7 67. R2c7+ Kh6 68. Rh8+ Kg5 69. Rg8+ Kh6 70.
Rh8+ Kg5 71. Rg7+ Kh4 72. Rg4+ Kh3 73. Rc8 Rf7 74. Rc1 Kh2 75. Rc2+ Kh1 76.
Rgg2 Bc3 77. Rge2 {Source: BCM, January 1974, p55} 1-0

[Event "Guardian Royal Exchange Masters"]
[Site "London"]
[Date "1973.12.16"]
[Round "5"]
[White "Hecht, Hans Joachim"]
[Black "Webb, Simon"]
[Result "1-0"]
[WhiteElo "2505"]
[BlackElo "2330"]
[PlyCount "59"]
[EventDate "1973.12.11"]
[EventType "tourn"]
[EventRounds "9"]
[EventCountry "ENG"]
[EventCategory "7"]
[SourceTitle "Britbase"]
[Source "John Saunders"]
[SourceDate "2015.07.06"]
[SourceVersion "1"]
[SourceVersionDate "2015.07.06"]
[SourceQuality "1"]

1. e4 e6 2. d4 d5 3. Nc3 Bb4 4. e5 Ne7 5. Qg4 Nf5 6. Nf3 h5 7. Qf4 Nc6 8. a3
Be7 9. h4 f6 10. Bb5 Bd7 11. Bd3 fxe5 12. dxe5 O-O 13. Qh2 Bc5 14. Bg5 Nce7 15.
Ne2 Qe8 16. Nf4 Qf7 17. Bxe7 Nxe7 18. g3 Nf5 19. Ng5 Qe8 20. O-O-O b5 21. g4
hxg4 22. Rhg1 b4 23. axb4 Bxb4 24. Rxg4 c5 25. h5 c4 26. h6 g6 27. h7+ Kh8 28.
Bxf5 gxf5 29. Rg3 c3 30. Rdg1 1-0

[Event "Guardian Royal Exchange Masters"]
[Site "London"]
[Date "1973.12.16"]
[Round "5"]
[White "Reshevsky, Samuel Herman"]
[Black "Keene, Raymond Dennis"]
[Result "1/2-1/2"]
[WhiteElo "2560"]
[BlackElo "2445"]
[PlyCount "48"]
[EventDate "1973.12.11"]
[EventType "tourn"]
[EventRounds "9"]
[EventCountry "ENG"]
[EventCategory "7"]
[SourceTitle "Britbase"]
[Source "John Saunders"]
[SourceDate "2015.07.06"]
[SourceVersion "1"]
[SourceVersionDate "2015.07.06"]
[SourceQuality "1"]

1. d4 Nf6 2. c4 e6 3. Nf3 b6 4. g3 Ba6 5. Qa4 Bb7 6. Bg2 c5 7. dxc5 bxc5 8. O-O
Be7 9. Rd1 O-O 10. Nc3 Qb6 11. Qc2 d6 12. b3 Nc6 13. Na4 Qc7 14. Bb2 h6 15. Nc3
Rfd8 16. e3 a6 17. Qe2 Rab8 18. Rac1 Nb4 19. Ne1 Bxg2 20. Kxg2 Qb7+ 21. Kg1 Ne4
22. Nxe4 Qxe4 23. Bc3 a5 24. Nd3 Rb7 1/2-1/2

[Event "Guardian Royal Exchange Masters"]
[Site "London"]
[Date "1973.12.16"]
[Round "5"]
[White "Stean, Michael F"]
[Black "Markland, Peter Richard"]
[Result "1/2-1/2"]
[WhiteElo "2320"]
[BlackElo "2405"]
[PlyCount "40"]
[EventDate "1973.12.11"]
[EventType "tourn"]
[EventRounds "9"]
[EventCountry "ENG"]
[EventCategory "7"]
[SourceTitle "Britbase"]
[Source "John Saunders"]
[SourceDate "2015.07.06"]
[SourceVersion "1"]
[SourceVersionDate "2015.07.06"]
[SourceQuality "1"]

1. e4 c6 2. d4 d5 3. exd5 cxd5 4. c4 Nf6 5. Nc3 Nc6 6. Nf3 Bg4 7. cxd5 Nxd5 8.
Qb3 Bxf3 9. gxf3 e6 10. Qxb7 Nxd4 11. Bb5+ Nxb5 12. Qc6+ Ke7 13. Qxb5 Qd7 14.
Nxd5+ Qxd5 15. Qxd5 exd5 16. Be3 Ke6 17. Rc1 Bb4+ 18. Ke2 Rhc8 19. Kd3 a6 20.
Bd4 g6 1/2-1/2

[Event "Guardian Royal Exchange Masters"]
[Site "London"]
[Date "1973.12.16"]
[Round "5"]
[White "Timman, Jan H"]
[Black "Karaklajic, Nikola"]
[Result "1/2-1/2"]
[WhiteElo "2470"]
[BlackElo "2420"]
[PlyCount "75"]
[EventDate "1973.12.11"]
[EventType "tourn"]
[EventRounds "9"]
[EventCountry "ENG"]
[EventCategory "7"]
[SourceTitle "Britbase"]
[Source "John Saunders"]
[SourceDate "2015.07.06"]
[SourceVersion "1"]
[SourceVersionDate "2015.07.06"]
[SourceQuality "1"]

1. e4 e5 2. Nf3 Nc6 3. Bb5 Nf6 4. O-O Nxe4 5. d4 Nd6 6. Bxc6 dxc6 7. dxe5 Nf5
8. Qxd8+ Kxd8 9. Nc3 Ke8 10. Ne2 Be6 11. Ned4 Nxd4 12. Nxd4 Rd8 13. Nxe6 fxe6
14. Be3 Rd5 15. f4 Bc5 16. Bxc5 Rxc5 17. Rf2 Ke7 18. Rd1 Rd5 19. Rfd2 Rhd8 20.
Rd3 h6 21. Kf2 g5 22. g3 Rf8 23. Kf3 Rf5 24. c4 Rdxe5 25. Rd7+ Kf6 26. Rxc7
gxf4 27. gxf4 Rc5 28. b3 b5 29. Rh7 Kg6 30. Re7 e5 31. Rd6+ Kh5 32. Ree6 Rxf4+
33. Ke3 bxc4 34. b4 Rd5 35. Rxh6+ Kg4 36. Rdg6+ Kf5 37. Rf6+ Kg4 38. Rfg6+
1/2-1/2

[Event "Guardian Royal Exchange Masters"]
[Site "London"]
[Date "1973.12.17"]
[Round "6"]
[White "Keene, Raymond Dennis"]
[Black "Hecht, Hans Joachim"]
[Result "1/2-1/2"]
[WhiteElo "2445"]
[BlackElo "2505"]
[PlyCount "41"]
[EventDate "1973.12.11"]
[EventType "tourn"]
[EventRounds "9"]
[EventCountry "ENG"]
[EventCategory "7"]
[SourceTitle "Britbase"]
[Source "John Saunders"]
[SourceDate "2015.07.06"]
[SourceVersion "1"]
[SourceVersionDate "2015.07.06"]
[SourceQuality "1"]

1. Nf3 Nf6 2. b3 d6 3. d4 g6 4. Bb2 Bg7 5. g3 c5 6. Bg2 O-O 7. c4 Qa5+ 8. Bc3
Qc7 9. O-O a6 10. dxc5 Qxc5 11. Nbd2 Nc6 12. Bxf6 Bxf6 13. Ne4 Qf5 14. Nxf6+
Qxf6 15. Qd2 Rd8 16. e3 Rb8 17. Rac1 Bd7 18. Ne1 Be8 19. Nd3 Ne5 20. Nxe5 Qxe5
21. Rfd1 1/2-1/2

[Event "Guardian Royal Exchange Masters"]
[Site "London"]
[Date "1973.12.17"]
[Round "6"]
[White "Timman, Jan H"]
[Black "Stean, Michael F"]
[Result "1/2-1/2"]
[WhiteElo "2470"]
[BlackElo "2320"]
[PlyCount "36"]
[EventDate "1973.12.11"]
[EventType "tourn"]
[EventRounds "9"]
[EventCountry "ENG"]
[EventCategory "7"]
[SourceTitle "Britbase"]
[Source "John Saunders"]
[SourceDate "2015.07.06"]
[SourceVersion "1"]
[SourceVersionDate "2015.07.06"]
[SourceQuality "1"]

1. e4 c5 2. Nf3 d6 3. d4 cxd4 4. Nxd4 Nf6 5. Nc3 a6 6. Bg5 e6 7. f4 Be7 8. Qf3
h6 9. Bh4 g5 10. fxg5 Nfd7 11. Nxe6 fxe6 12. Qh5+ Kf8 13. Bb5 Rh7 14. Qg6 Rf7
15. Qxh6+ Kg8 16. Rf1 Rxf1+ 17. Bxf1 Ne5 18. Bc4 Nxc4 1/2-1/2

[Event "Guardian Royal Exchange Masters"]
[Site "London"]
[Date "1973.12.17"]
[Round "6"]
[White "Webb, Simon"]
[Black "O'Kelly de Galway, Alberic"]
[Result "1/2-1/2"]
[WhiteElo "2330"]
[BlackElo "2445"]
[PlyCount "41"]
[EventDate "1973.12.11"]
[EventType "tourn"]
[EventRounds "9"]
[EventCountry "ENG"]
[EventCategory "7"]
[SourceTitle "Britbase"]
[Source "John Saunders"]
[SourceDate "2015.07.06"]
[SourceVersion "1"]
[SourceVersionDate "2015.07.06"]
[SourceQuality "1"]

1. Nf3 Nf6 2. c4 b6 3. d4 Bb7 4. g3 c5 5. Bg2 cxd4 6. Qxd4 Nc6 7. Qf4 g6 8. O-O
Bg7 9. Nc3 Rc8 10. Bd2 d5 11. Rfd1 Nh5 12. Qh4 d4 13. g4 dxc3 14. Bxc3 Qc7 15.
gxh5 Bxc3 16. bxc3 Ne5 17. Nxe5 Bxg2 18. Qf4 f6 19. hxg6 Qxe5 20. Qxe5 fxe5 21.
Kxg2 1/2-1/2

[Event "Guardian Royal Exchange Masters"]
[Site "London"]
[Date "1973.12.18"]
[Round "7"]
[White "Hecht, Hans Joachim"]
[Black "Markland, Peter Richard"]
[Result "1-0"]
[WhiteElo "2505"]
[BlackElo "2405"]
[PlyCount "47"]
[EventDate "1973.12.11"]
[EventType "tourn"]
[EventRounds "9"]
[EventCountry "ENG"]
[EventCategory "7"]
[SourceTitle "Britbase"]
[Source "John Saunders"]
[SourceDate "2015.07.06"]
[SourceVersion "1"]
[SourceVersionDate "2015.07.06"]
[SourceQuality "1"]

1. Nf3 Nf6 2. c4 g6 3. Nc3 c5 4. d4 cxd4 5. Nxd4 Bg7 6. e4 Nc6 7. Nc2 d6 8. Be2
Nd7 9. Qd2 Nc5 10. Rb1 f5 11. exf5 Bxf5 12. b4 Ne4 13. Nxe4 Bxe4 14. O-O a5 15.
b5 Ne5 16. f4 Qb6+ 17. Kh1 O-O 18. Bb2 Bh6 19. Rbc1 Nd7 20. Bd3 Rxf4 21. Bxe4
Rxf1+ 22. Rxf1 Bxd2 23. Bd5+ e6 24. Bxe6# 1-0

[Event "Guardian Royal Exchange Masters"]
[Site "London"]
[Date "1973.12.18"]
[Round "7"]
[White "O'Kelly de Galway, Alberic"]
[Black "Keene, Raymond Dennis"]
[Result "1/2-1/2"]
[WhiteElo "2445"]
[BlackElo "2445"]
[PlyCount "49"]
[EventDate "1973.12.11"]
[EventType "tourn"]
[EventRounds "9"]
[EventCountry "ENG"]
[EventCategory "7"]
[SourceTitle "Britbase"]
[Source "John Saunders"]
[SourceDate "2015.07.06"]
[SourceVersion "1"]
[SourceVersionDate "2015.07.06"]
[SourceQuality "1"]

1. c4 Nf6 2. Nc3 e6 3. Nf3 Bb4 4. g3 O-O 5. Bg2 d5 6. a3 Bxc3 7. bxc3 c5 8. O-O
Nc6 9. cxd5 exd5 10. d3 Bf5 11. Bg5 Re8 12. Re1 h6 13. Bxf6 Qxf6 14. Qb3 Na5
15. Qb5 b6 16. Qb2 Rad8 17. Nd2 d4 18. cxd4 Qxd4 19. Qxd4 Rxd4 20. Rac1 Bc8 21.
Kf1 Ba6 22. Rc3 g5 23. Rec1 Red8 24. Ke1 Kg7 25. Nc4 1/2-1/2

[Event "Guardian Royal Exchange Masters"]
[Site "London"]
[Date "1973.12.18"]
[Round "7"]
[White "Reshevsky, Samuel Herman"]
[Black "Timman, Jan H"]
[Result "1/2-1/2"]
[WhiteElo "2560"]
[BlackElo "2470"]
[PlyCount "59"]
[EventDate "1973.12.11"]
[EventType "tourn"]
[EventRounds "9"]
[EventCountry "ENG"]
[EventCategory "7"]
[SourceTitle "Britbase"]
[Source "John Saunders"]
[SourceDate "2015.07.06"]
[SourceVersion "1"]
[SourceVersionDate "2015.07.06"]
[SourceQuality "1"]

1. Nf3 g6 2. d4 Bg7 3. e4 d6 4. Be2 Nf6 5. Nc3 O-O 6. O-O Bg4 7. Bf4 Nfd7 8.
Be3 Nc6 9. d5 Bxf3 10. Bxf3 Nce5 11. Be2 Nb6 12. b3 Nf3+ 13. Bxf3 Bxc3 14. Rc1
c5 15. dxc6 bxc6 16. Bd4 Bxd4 17. Qxd4 Nd7 18. Rcd1 Qa5 19. a4 Rab8 20. Qe3 Rb4
21. Be2 Qc5 22. Qxc5 Nxc5 23. f3 a5 24. Rd2 Kg7 25. Rfd1 Nd7 26. Rd4 Rfb8 27.
Rxb4 Rxb4 28. Kf2 f5 29. exf5 gxf5 30. g3 1/2-1/2